Guess the Song: TV Show Edition Quiz Stats

 Plays Quiz not verified by Sporcle

Challenge
Share
Tweet
Embed
Score 0/52 Timer 05:00
0 Plays Today
Answer % Correct
the
96.3%
and
96.3%
you
72.2%
you
72.2%
I
70.4%
I
70.4%
I
70.4%
to
59.3%
to
59.3%
to
59.3%
be
55.6%
on
53.7%
is
51.9%
in
51.9%
do
51.9%
is
51.9%
are
50%
My
38.9%
my
38.9%
my
38.9%
my
38.9%
all
37%
all
37%
will
37%
want
31.5%
don't
24.1%
Answer % Correct
life
24.1%
Im
22.2%
But,
22.2%
here
20.4%
back
18.5%
eyes
16.7%
home
16.7%
home
16.7%
tonight.
14.8%
drive
14.8%
right
14.8%
getting
13%
getting
13%
tight.
13%
care
13%
sitting
11.1%
traffic
11.1%
bridge
11.1%
weary,
9.3%
Queensborough
9.3%
cause
9.3%
cash
9.3%
check
9.3%
cause
9.3%
baby,
9.3%
driving
9.3%

You're not logged in!

Compare scores with friends on all Sporcle quizzes.
OR
Log In

You Might Also Like...

Show Comments

Extras

Created Feb 10, 2016ReportNominate
Tags:Song Quiz, theme

Top Quizzes Today


Score Distribution

Your Account Isn't Verified!

In order to create a playlist on Sporcle, you need to verify the email address you used during registration. Go to your Sporcle Settings to finish the process.

Report this User

Report this user for behavior that violates our Community Guidelines.

Details: